A volt Magyar Királyság országai (térképpel) - Statistics

General Stats
  • This quiz has been taken 37 times
  • The average score is 9 of 9
Answers on the Map
Answers color-coded by a green-red scale on the quiz's map according to % correct below.
 
Answer Stats
Ország % Correct
Horvátország
100%
Szerbia
100%
Ausztria
97%
Magyarország
97%
Románia
97%
Szlovákia
97%
Szlovénia
97%
Ukrajna
97%
Lengyelország
94%
No matching quizzes found
Score Distribution
Percent of People with Each Score
Percentile by Number Answered
Your Score History
You have not taken this quiz